Footballers by Picture - Ajax - Statistics

General Stats
  • This quiz has been taken 203 times
  • The average score is 22 of 32
Answer Stats
Picture Hint Answer % Correct
Appearances - 276 Johan Cruyff
99%
Appearances - 110 Luis Suárez
92%
Appearances - 74 Zlatan Ibrahimović
90%
Appearances - 148 André Onana
89%
Appearances - 113 Christian Eriksen
88%
Appearances - 226 Daley Blind
88%
Appearances - 226 Edwin van der Sar
86%
Appearances - 77 Matthijs de Ligt
85%
Appearances - 261 Frank Rijkaard
81%
Appearances - 112 Hakim Ziyech
81%
Appearances - 161 Dušan Tadić
79%
Appearances - 118 Donny van de Beek
77%
Appearances - 177 Klaas-Jan Huntelaar
74%
Appearances - 328 Frank de Boer
73%
Appearances - 136 Marc Overmars
71%
Appearances - 221 Davy Klaassen
69%
Appearances - 155 Jan Vertonghen
69%
Appearances - 121 David Neres
68%
Appearances - 179 Jari Litmanen
66%
Appearances - 143 Jasper Cillessen
66%
Appearances - 133 Marco van Basten
66%
Appearances - 126 Wesley Sneijder
63%
Appearances - 210 Maarten Stekelenburg
60%
Appearances - 224 Ronald de Boer
60%
Appearances - 117 Rafael van der Vaart
57%
Appearances - 185 Dennis Bergkamp
54%
Appearances - 201 Lasse Schöne
53%
Appearances - 392 Danny Blind
52%
Appearances - 179 Joël Veltman
42%
Appearances - 124 Johan Neeskens
30%
Appearances - 130 Gregory van der Wiel
28%
Appearances - 461 Sjaak Swart
23%
No matching quizzes found
Score Distribution
Percent of People with Each Score
Percentile by Number Answered
Your Score History
You have not taken this quiz